| 000 | 00439nam a2200157 i 4500 | ||
|---|---|---|---|
| 001 | 55942 | ||
| 003 | ES-MaACL | ||
| 005 | 20230906163243.0 | ||
| 007 | t| | ||
| 008 | 030930s1963 sp ||||1| spa d | ||
| 100 | 1 |
_aDíaz-Falcón, Federico. _944272 |
|
| 245 | 1 | 4 |
_aLas guapas hacen sufrir / _cFederico Díaz-Falcón. |
| 260 |
_aPalma de Mallorca : _b[s.n.], _c1963. |
||
| 300 |
_a255 p. ; _c20 cm. |
||
| 852 |
_aES-MaACL _jC-24659 _bR.53025 |
||
| 999 |
_c55942 _d55942 |
||